Introduction aux sciences humaines

Gespeichert in:
Bibliographische Detailangaben
1. Verfasser: Gusdorf, Georges
Format: Buch
Sprache:Undetermined
Veröffentlicht: París, Francia Les belles lettres 1960
Schlagworte:
Tags: Tag hinzufügen
Keine Tags, Fügen Sie den ersten Tag hinzu!

MARC

LEADER 00000nam a2200000Ia 4500
008 170316s9999 xx 000 0 und d
090 |a 100 G-65i 
100 |a Gusdorf, Georges 
245 |a Introduction aux sciences humaines 
260 |a París, Francia 
260 |b Les belles lettres 
260 |c 1960 
300 |a 522 páginas 
650 |a FILOSOFÍA SOCIAL 
999 |c 16366  |d 16366 
040 |a cru BVZT 
942 |c 15 D  |h 100 G-65i  |2 z